Comprendiendo cómo somos: dimensiones de la personalidad
Gespeichert in:
| 1. Verfasser: | |
|---|---|
| Format: | Buch |
| Sprache: | Spanisch |
| Veröffentlicht: |
Bilbao
Desclée de Brouwer
1999
|
| Ausgabe: | 4a. ed |
| Schriftenreihe: | Colección Crecimiento Personal, 3
|
| Schlagworte: | |
| Tags: |
Tag hinzufügen
Keine Tags, Fügen Sie den ersten Tag hinzu!
|
MARC
| LEADER | 00000nam a2200000 a 4500 | ||
|---|---|---|---|
| 001 | UCP8834 | ||
| 003 | CL-VaPUC | ||
| 008 | 000317e19990000SP |||||||||||||||||spa|d | ||
| 082 | 0 | 4 | |a 155.2 |b GIM |2 21 |
| 100 | 0 | |a Gimeno-Bayón, Ana |e author |9 439089 | |
| 245 | 1 | 0 | |a Comprendiendo cómo somos: dimensiones de la personalidad |
| 250 | |a 4a. ed | ||
| 300 | |a 233 p | ||
| 942 | |c BK | ||
| 945 | |d 20000317 00:00:00 |a rbrito | ||
| 260 | |a Bilbao |b Desclée de Brouwer |c 1999 | ||
| 650 | 0 | |a Personalidad |9 307255 | |
| 650 | 7 | |a DESARROLLO DE LA PERSONALIDAD |2 CL-VaPUC |9 311216 | |
| 650 | 0 | |a Cognición |9 270347 | |
| 650 | 0 | |a Afectividad |9 334265 | |
| 650 | 0 | |a Aprendizaje |9 254827 | |
| 583 | |a last modification |c 20000317 00:00:00 |k Rodrigo Vera | ||
| 490 | 0 | |a Colección Crecimiento Personal, 3 | |
| 999 | |c 285715 |d 285713 | ||
| 952 | |0 0 |1 0 |4 0 |6 155_200000000000000_GIM_1999 |7 0 |8 A |9 330478 |a BIBEDU |b BIBEDU |d 2019-11-20 |i 3595730 |o 155.2 GIM 1999 |p 3595730 |r 2019-11-20 |w 2019-11-20 |y BK |k EPE | ||